HGGSP Tle TH2 Conclusif Moyen-Orient - Statistiques

Statistiques générales
  • Ce quiz a été pris 1 108 fois
  • Le résultat moyen est 9 sur 22
Statistiques - réponses
Hint Réponse % Correct
Déclaration de l'Etat d'Israel par David Ben Gourion 1948
83%
Plan de partage de l'ONU pour la Palestine mandataire 1947
74%
Guerre de Six Jours 1967
65%
Guerre du Kippour 1973
63%
Seconde Guerre du Golfe 2003
57%
Première Guerre du Golfe 1991
53%
Accords d'Oslo 1993
52%
Invasion du Koweit par l'Irak 1990
51%
Accords de Camp David 1978
50%
Exécution de Saddam Hussein 2006
46%
Création OLP (Organisation de Libération de la Palestine) 1964
36%
Création Ligue des Etats arabes 1945
35%
Première guerre israélo-arabe 1948 - 1949
31%
Création Hamas 1987
31%
Guerre Iran-Irak 1980 - 1988
26%
Deuxième guerre israélo-arabe 1956
24%
Pacte de Quincy 1945
22%
Résolution 242 de l'ONU 1967
22%
Création OPEP (Organisation des Pays Exportateurs de Pétrole) 1960
17%
Première intifada 1987 - 1993
11%
Accord intérimaire sur la Cisjordanie et Gaza 1995
10%
Seconde intifada 2000 - 2005
10%
Aucun quiz correspondant
Distribution des résultats
% des personnes avec chaque résultat
Percentile par nombre de réponses
Votre historique - résultats
Vous n’avez pas pris ce quiz